| 000 | 00628nam a2200241Ia 4500 | ||
|---|---|---|---|
| 001 | 13852 | ||
| 005 | 20240113235507.0 | ||
| 007 | ta | ||
| 008 | 051116s a g b000 u 465 u | ||
| 040 | _aCotton College Assam | ||
| 041 | _a465 | ||
| 082 |
_a394.9541 _bN 167 B |
||
| 100 | _aNarzi, Bhabendra . | ||
| 245 | 0 |
_aBoro Kacharir Jana Sahitya / _cBhabendra Narzi. _hTextual Documents |
|
| 250 | _a1st ed. / | ||
| 260 |
_bBoro Harini Metai , _cNd. |
||
| 300 |
_a52p. : _bill ; _c19cm . |
||
| 653 | _aFolk Literature | ||
| 653 | _aG-Education | ||
| 942 |
_2ddc _cBK |
||
| 999 |
_c13838 _d13838 |
||